00472nam a22001697a 450000500170000001000150001702000300003203500140006203700130007608200110008910000210010024500530012125000090017426000290018327000670021230000230027920211201165840.0 aENG-130161 a978-81-903178-7-5c595.00 aEN-113693 bDBAD/PUB a630.23 aGera, Prem Dass. aBuild Your Career in AgriculturecPrem Dass Gera a2011 bHoliday Book Storec2011 aS.C.O. 43, First Floor, Swastik Vihar MDC, PanchkulabHariyana a230p.c22cm (hbk)